Catalog

Record Details

Catalog Search



Po stopách moci v nemoci : o morálce, moci a komunikaci v českém zdravotnictví  Cover Image Book Book

Po stopách moci v nemoci : o morálce, moci a komunikaci v českém zdravotnictví / Olga Šmídová Matoušová, Blanka Tollarová, Karel Čada, Boleslav Keprt, Ema Hrešanová, Lenka Němcová Guhlová, Veronika Kontrová

Record details

  • ISBN: 978-80-7419-250-0
  • Physical Description: 238 stran ; 23 cm
  • Edition: Vydání první
  • Publisher: Praha : Sociologické nakladatelství (SLON), 2017

Content descriptions

Bibliography, etc. Note:
Obsahuje bibliografie, bibliografické odkazy a rejstříky
Language Note:
Anglické resumé
Subject: sociologie zdravotnictví > Česko
zdravotnická etika > Česko
lékař a pacient
zdravotní sestry
hospicová péče
zdraví a nemoc
sociology of health service > Czechia
health care ethics > Czechia
physician and patient
nurses
hospice care
health and disease
Genre: kolektivní monografie
collective monographs

Available copies

  • 1 of 1 copy available at Common Catalog SPOK.

Holds

  • 0 current holds with 1 total copy.
Show All Copies
Location Call Number / Copy Notes Barcode Shelving Location Status Due Date
Jabok Library Soc-1.7.4 424480040116 Odborná literatura Available -

LDR 02676nam a2200697 i 4500
00129782
003CZ-PrJAB
00520180112104640.0
007ta
008170925s2017 xr f 001 0dcze
015 . ‡acnb002931120
020 . ‡a978-80-7419-250-0 ‡q(brožováno) : ‡cKč 325,00
035 . ‡a(CZ PrNK)nkc20172931120
035 . ‡a(OCoLC)1011121583
040 . ‡aABA001 ‡bcze ‡erda
0410 . ‡acze ‡beng
043 . ‡ae-xr---
072 7. ‡a614 ‡xVeřejné zdraví a hygiena ‡2Konspekt ‡914
080 . ‡a316.33:614.2 ‡2MRF
080 . ‡a614.253 ‡2MRF
080 . ‡a614.253.5 ‡2MRF
080 . ‡a364-58 ‡2MRF
080 . ‡a616-092.11 ‡2MRF
080 . ‡a(437.3) ‡2MRF
080 . ‡a(048.8:082) ‡2MRF
1001 . ‡aŠmídová Matoušová, Olga, ‡d1955- ‡7jo2002106716 ‡4aut
24510. ‡aPo stopách moci v nemoci : ‡bo morálce, moci a komunikaci v českém zdravotnictví / ‡cOlga Šmídová Matoušová, Blanka Tollarová, Karel Čada, Boleslav Keprt, Ema Hrešanová, Lenka Němcová Guhlová, Veronika Kontrová
24630. ‡aO morálce, moci a komunikaci v českém zdravotnictví
250 . ‡aVydání první
264 1. ‡aPraha : ‡bSociologické nakladatelství (SLON), ‡c2017
300 . ‡a238 stran ; ‡c23 cm
336 . ‡atext ‡btxt ‡2rdacontent
337 . ‡abez média ‡bn ‡2rdamedia
338 . ‡asvazek ‡bnc ‡2rdacarrier
4901 . ‡aStudie ; ‡v125. svazek
504 . ‡aObsahuje bibliografie, bibliografické odkazy a rejstříky
546 . ‡aAnglické resumé
65007. ‡asociologie zdravotnictví ‡7ph216733 ‡zČesko ‡2czenas
65007. ‡azdravotnická etika ‡7ph413829 ‡zČesko ‡2czenas
65007. ‡alékař a pacient ‡7ph122494 ‡2czenas
65007. ‡azdravotní sestry ‡7ph137872 ‡2czenas
65007. ‡ahospicová péče ‡7ph120814 ‡2czenas
65007. ‡azdraví a nemoc ‡7ph158519 ‡2czenas
65009. ‡asociology of health service ‡zCzechia ‡2eczenas
65009. ‡ahealth care ethics ‡zCzechia ‡2eczenas
65009. ‡aphysician and patient ‡2eczenas
65009. ‡anurses ‡2eczenas
65009. ‡ahospice care ‡2eczenas
65009. ‡ahealth and disease ‡2eczenas
655 7. ‡akolektivní monografie ‡7fd501537 ‡2czenas
655 9. ‡acollective monographs ‡2eczenas
7001 . ‡aTollarová, Blanka ‡7jo2013756993 ‡4aut
7001 . ‡aČada, Karel, ‡d1979- ‡7jo2002105194 ‡4aut
7001 . ‡aKeprt, Boleslav ‡7xx0216701 ‡4aut
7001 . ‡aHrešanová, Ema, ‡d1979- ‡7mzk2009512879 ‡4aut
7001 . ‡aNěmcová Guhlová, Lenka, ‡d1984- ‡7xx0216702 ‡4aut
7001 . ‡aKontrová, Veronika ‡7xx0216703 ‡4aut
830 0. ‡aStudie (Sociologické nakladatelství)
910 . ‡aABG312
901 . ‡a29782 ‡b ‡c29782 ‡tbiblio

Additional Resources